| 000 | 01037cad a22002295a 4500 | ||
|---|---|---|---|
| 001 | E148669 | ||
| 008 | 091016s2009 xxkd f s 000 0 eng d | ||
| 035 | _a(Sirsi) u148669 | ||
| 041 | 0 | _aeng | |
| 050 | 0 | 4 | _a333.33 $2 18 |
| 110 | 2 |
_aCB Richard Ellis _93675 |
|
| 245 | 0 | 0 |
_aCBRE UK prime rent and yield monitor _bquarter 3 2009 _h[electronic resource] |
| 260 |
_aLondon _bCBRE _c2009 |
||
| 490 | 0 |
_aCB Richard Ellis UK Prime Rent and Yield Monitor _vThird Quarter 2009 |
|
| 520 | _aReports that prime rental correction is slowing, with all property prime rents falling by 1.4% in Q3 2009, compared to a fall of 4.4% in Q2 2009. Investment in UK commercial property increased by 28% in Q3 2009, recording just over £5.7bn of transactions. | ||
| 590 | _aKA NTK | ||
| 650 | 2 | 4 | _aCB RICHARD ELLIS UK PRIME RENT AND YIELD INDEX |
| 651 | 4 |
_aUnited Kingdom _y |
|
| 690 | _aPROPERTY-COMMERCIAL PROPERTY-COMMERCIAL PROPERTY MARKET | ||
| 856 | 4 | 0 |
_uhttps://www.cbre.co.uk/ _zView the report free of charge at www.cbre.co.uk... |
| 942 | _n0 | ||
| 999 |
_c110155 _d110155 |
||